[Event "SVK-chT3B2 2122"]
[Site "Slovakia"]
[Date "2022.04.24"]
[Round "9.5"]
[White "Mikus, Peter"]
[Black "Genzor, Martin"]
[Result "1/2-1/2"]
[WhiteElo "1730"]
[BlackElo "1600"]
[PlyCount "64"]
[EventDate "2021.10.24"]
[EventType "team-tourn"]
[EventRounds "11"]
[EventCountry "SVK"]
[SourceTitle "EXT 2024"]
[Source "ChessBase"]
[SourceDate "2023.10.10"]
[SourceVersion "1"]
[SourceVersionDate "2023.10.10"]
[SourceQuality "1"]
[WhiteTeam "Trencin"]
[BlackTeam "Dubnica nad Vahom IV"]
[WhiteTeamCountry "SVK"]
[BlackTeamCountry "SVK"]

1. Nf3 Nf6 2. c4 b6 3. d4 e6 4. Bg5 Bb7 5. e3 h6 6. Bh4 g5 7. Bg3 g4 8. Ne5 h5 9. Bh4 Bg7 10. Nc3 d6 11. Nd3 Qd7 12. Qd2 Ne4 13. Nxe4 Bxe4 14. 0-0-0 a5 15. h3 Qc6 16. Nf4 Nd7 17. Rg1 Bf6 18. Bxf6 Nxf6 19. Bd3 0-0-0 20. Bxe4 Nxe4 21. Qc2 Rdg8 22. d5 exd5 23. Nxd5 Qe8 24. hxg4 hxg4 25. Rd4 f5 26. Re1 Qf7 27. f3 gxf3 28. gxf3 Ng3 29. b3 Kb7 30. Kb1 Rg5 31. Rf4 Rhh5 32. Rd4 Rh7 1/2-1/2

[Event "SVK-chT3B2 1920"]
[Site "Slovakia"]
[Date "2020.02.23"]
[Round "9.5"]
[White "Kudlej, Adam"]
[Black "Genzor, Martin"]
[Result "1/2-1/2"]
[WhiteElo "1556"]
[BlackElo "1593"]
[PlyCount "102"]
[EventDate "2019.10.06"]
[EventType "team-tourn"]
[EventRounds "11"]
[EventCountry "SVK"]
[SourceTitle "CBM 195 Extra"]
[Source "ChessBase"]
[SourceDate "2020.05.31"]
[SourceVersion "1"]
[SourceVersionDate "2020.05.31"]
[SourceQuality "1"]
[WhiteTeam "Belusa"]
[BlackTeam "Dubnica nad Vahom IV"]
[WhiteTeamCountry "SVK"]
[BlackTeamCountry "SVK"]

1. c4 Nf6 2. Nc3 e6 3. g3 d5 4. cxd5 exd5 5. d4 Bb4 6. Qb3 Nc6 7. Nf3 Ne4 8. Bg2 Qf6 9. 0-0 Be6 10. Nxe4 dxe4 11. d5 exf3 12. Bxf3 Nd4 13. Qxb4 Nxf3+ 14. exf3 Bxd5 15. Qb5+ Qc6 16. Qxc6+ Bxc6 17. Re1+ Kd7 18. f4 Rae8 19. Be3 a6 20. Bd4 f6 21. Re3 h5 22. Rae1 Rxe3 23. fxe3 Be4 24. Kf2 Ke6 25. Rc1 c6 26. a4 g5 27. Rc4 gxf4 28. Bxf6 fxg3+ 29. hxg3 Kxf6 30. Rxe4 Rd8 31. Rb4 b5 32. axb5 axb5 33. Kf3 Kg5 34. Re4 Rd5 35. Re6 Rc5 36. Re4 Rc2 37. b4 Kf5 38. Rh4 Kg5 39. Re4 Kf6 40. Rh4 Kg6 41. Kf4 c5 42. bxc5 Rxc5 43. Kf3 Rc4 44. Rxc4 bxc4 45. Ke4 Kg5 46. Kd4 Kg4 47. e4 Kxg3 48. e5 h4 49. e6 h3 50. e7 h2 51. e8Q h1Q 1/2-1/2

[Event "SVK-chT3B2 1819"]
[Site "Slovakia"]
[Date "2018.11.25"]
[Round "3.5"]
[White "Genzor, Martin"]
[Black "Bezak, Radovan"]
[Result "1/2-1/2"]
[WhiteElo "1592"]
[BlackElo "1633"]
[PlyCount "39"]
[EventDate "2018.10.21"]
[EventType "team-tourn"]
[EventRounds "11"]
[EventCountry "SVK"]
[SourceTitle "CBM 189 Extra"]
[Source "ChessBase"]
[SourceDate "2019.06.03"]
[SourceVersion "1"]
[SourceVersionDate "2019.06.03"]
[SourceQuality "1"]
[WhiteTeam "Dubnica nad Vahom IV"]
[BlackTeam "Chynorany"]
[WhiteTeamCountry "SVK"]
[BlackTeamCountry "SVK"]

1. e4 e5 2. Nf3 Nc6 3. d4 exd4 4. Nxd4 Qf6 5. Be3 Bc5 6. c3 Nge7 7. Bc4 0-0 8. 0-0 Ne5 9. Be2 a6 10. Nd2 d6 11. N2b3 Ba7 12. Qd2 h6 13. Nf3 Bxe3 14. Qxe3 N7c6 15. Nbd4 Bd7 16. Nxe5 Nxe5 17. f3 Rae8 18. Qf2 Qe7 19. Rfe1 Kh8 20. Rad1 1/2-1/2

[Event "SVK-chT3B2 1718"]
[Site "Slovakia"]
[Date "2018.01.21"]
[Round "8.3"]
[White "Kurtulik, Andrej"]
[Black "Genzor, Martin"]
[Result "1-0"]
[WhiteElo "1801"]
[BlackElo "1606"]
[PlyCount "31"]
[EventDate "2017.10.08"]
[EventType "team-tourn"]
[EventRounds "11"]
[EventCountry "SVK"]
[SourceTitle "EXT 2019"]
[Source "ChessBase"]
[SourceDate "2018.10.10"]
[SourceVersion "1"]
[SourceVersionDate "2018.10.10"]
[SourceQuality "1"]
[WhiteTeam "Prievidza II"]
[BlackTeam "Dubnica nad Vahom IV"]
[WhiteTeamCountry "SVK"]
[BlackTeamCountry "SVK"]

1. e4 e5 2. Nf3 Nc6 3. Nc3 Nf6 4. Bb5 d6 5. d4 exd4 6. Qxd4 Bd7 7. Bxc6 Bxc6 8. Bg5 Be7 9. 0-0-0 0-0 10. h4 h6 11. Nd5 hxg5 12. Nxe7+ Qxe7 13. hxg5 Nxe4 14. Rh5 Be8 15. Rdh1 f5 16. Qd5+ 1-0

[Event "SVK-chT3B2 1718"]
[Site "Slovakia"]
[Date "2018.01.07"]
[Round "7.3"]
[White "Genzor, Martin"]
[Black "Huliak, Pavol"]
[Result "0-1"]
[WhiteElo "1606"]
[BlackElo "1930"]
[PlyCount "116"]
[EventDate "2017.10.08"]
[EventType "team-tourn"]
[EventRounds "11"]
[EventCountry "SVK"]
[SourceTitle "EXT 2019"]
[Source "ChessBase"]
[SourceDate "2018.10.10"]
[SourceVersion "1"]
[SourceVersionDate "2018.10.10"]
[SourceQuality "1"]
[WhiteTeam "Dubnica nad Vahom IV"]
[BlackTeam "Bojnice"]
[WhiteTeamCountry "SVK"]
[BlackTeamCountry "SVK"]

1. e4 d5 2. exd5 Qxd5 3. Nc3 Qa5 4. d4 c6 5. Nf3 Bg4 6. Be2 Nf6 7. 0-0 e6 8. Bd2 Qc7 9. Re1 Bd6 10. h3 Bh5 11. Ne5 Bxe2 12. Qxe2 0-0 13. Nc4 Be7 14. Qf3 Nd5 15. a3 Bf6 16. Ne5 Nd7 17. Nxd5 cxd5 18. Nxd7 Qxd7 19. Bb4 Rfc8 20. Qd3 Rc4 21. Bc3 Rac8 22. Re3 a5 23. Re2 Qc7 24. Rd1 b5 25. Qd2 b4 26. axb4 axb4 27. Bxb4 Rxd4 28. Qe1 Rxd1 29. Qxd1 Bxb2 30. c4 Bf6 31. cxd5 Qd8 32. d6 Ra8 33. Rc2 Ra1 34. Rc1 Ra7 35. Rc2 Rd7 36. Qc1 Qe8 37. Rc8 Rd8 38. d7 Qxd7 39. Rxd8+ Bxd8 40. Qc5 h6 41. Qf8+ Kh7 42. Bc3 f6 43. Qb4 Qd3 44. Bd4 e5 45. Bc3 Bc7 46. Bd2 Bd6 47. Qa5 Qc2 48. Bc3 h5 49. Bd2 Bc5 50. Be1 Bd4 51. Qb4 Qf5 52. Qd2 Kg6 53. Qd1 Qe4 54. Qd2 f5 55. Qa5 f4 56. Qa3 Qxe1+ 57. Kh2 Qxf2 58. Qd3+ Kg5 0-1

[Event "SVK-chT3B2 1718"]
[Site "Slovakia"]
[Date "2017.12.17"]
[Round "6.3"]
[White "Hrebicik, David"]
[Black "Genzor, Martin"]
[Result "1-0"]
[WhiteElo "1739"]
[BlackElo "1606"]
[PlyCount "73"]
[EventDate "2017.10.08"]
[EventType "team-tourn"]
[EventRounds "11"]
[EventCountry "SVK"]
[SourceTitle "EXT 2019"]
[Source "ChessBase"]
[SourceDate "2018.10.10"]
[SourceVersion "1"]
[SourceVersionDate "2018.10.10"]
[SourceQuality "1"]
[WhiteTeam "Povazske Podhradie II"]
[BlackTeam "Dubnica nad Vahom IV"]
[WhiteTeamCountry "SVK"]
[BlackTeamCountry "SVK"]

1. d4 d5 2. c4 e6 3. Nc3 Nf6 4. Bg5 Be7 5. e3 h6 6. Bh4 Nbd7 7. cxd5 exd5 8. Bd3 c6 9. Nge2 0-0 10. 0-0 Re8 11. Rb1 Qc7 12. Bg3 Bd6 13. b4 a6 14. Qc2 Nh5 15. Nxd5 Qb8 16. Bxd6 Qxd6 17. Ndf4 Nxf4 18. Nxf4 Nf6 19. Qc5 Qd7 20. Rfe1 Qc7 21. Nh5 Ng4 22. Ng3 Be6 23. a4 Rad8 24. h3 Rd5 25. Qa7 Nf6 26. Bxa6 Rg5 27. Qxb7 Qd6 28. Bf1 h5 29. Rec1 h4 30. Rxc6 Qd5 31. Bc4 Qd8 32. Bxe6 fxe6 33. Ne2 Qd5 34. Nf4 Qf5 35. Rc5 Nd5 36. Nxd5 Qe4 37. Ne7+ 1-0

[Event "SVK-chT3B2 1718"]
[Site "Slovakia"]
[Date "2017.10.22"]
[Round "2.3"]
[White "Tomko, Michal"]
[Black "Genzor, Martin"]
[Result "1-0"]
[WhiteElo "1750"]
[BlackElo "1606"]
[PlyCount "53"]
[EventDate "2017.10.08"]
[EventType "team-tourn"]
[EventRounds "11"]
[EventCountry "SVK"]
[SourceTitle "EXT 2019"]
[Source "ChessBase"]
[SourceDate "2018.10.10"]
[SourceVersion "1"]
[SourceVersionDate "2018.10.10"]
[SourceQuality "1"]
[WhiteTeam "Dubnica nad Vahom III"]
[BlackTeam "Dubnica nad Vahom IV"]
[WhiteTeamCountry "SVK"]
[BlackTeamCountry "SVK"]

1. e4 e5 2. Nf3 Nc6 3. Bb5 a6 4. Bxc6 dxc6 5. d3 Bd6 6. Nbd2 Ne7 7. Nc4 Ng6 8. h3 h6 9. Be3 Be6 10. b3 Qe7 11. 0-0 f6 12. Qd2 Nf4 13. Nxd6+ Qxd6 14. Rfe1 c5 15. Qc3 b6 16. Bxf4 exf4 17. e5 fxe5 18. Rxe5 0-0-0 19. Rae1 Rhe8 20. Qd2 g5 21. Qe2 Kd7 22. d4 g4 23. hxg4 Bxg4 24. Rxe8 Bxf3 25. Rxd8+ Kxd8 26. Qxf3 Qxd4 27. Rd1 1-0

[Event "SVK-chT3B2 1617"]
[Site "Slovakia"]
[Date "2017.03.19"]
[Round "10.4"]
[White "Genzor, Martin"]
[Black "Ficel, Viliam"]
[Result "1-0"]
[WhiteElo "1650"]
[BlackElo "1749"]
[PlyCount "97"]
[EventDate "2016.10.16"]
[EventType "team-tourn"]
[EventRounds "11"]
[EventCountry "SVK"]
[SourceTitle "EXT 2020"]
[Source "ChessBase"]
[SourceDate "2019.10.17"]
[SourceVersion "1"]
[SourceVersionDate "2019.10.17"]
[SourceQuality "1"]
[WhiteTeam "Dubnica nad Vahom IV"]
[BlackTeam "Lehota pod Vtacnikom"]
[WhiteTeamCountry "SVK"]
[BlackTeamCountry "SVK"]

1. e4 e6 2. d4 d6 3. Nf3 Nd7 4. Bc4 Ngf6 5. Nc3 h6 6. 0-0 Nb6 7. Bd3 Be7 8. Bf4 0-0 9. Qd2 Nh7 10. Rad1 g5 11. Be3 f6 12. Qe2 c6 13. h3 Qe8 14. Nh2 f5 15. f4 Qg6 16. Rf3 h5 17. fxg5 Bxg5 18. exf5 exf5 19. Bxg5 Qxg5 20. Qf2 h4 21. Rf1 f4 22. Bxh7+ Kxh7 23. Rxf4 Rxf4 24. Qxf4 Qxf4 25. Rxf4 Kg6 26. Rxh4 Bf5 27. Ne4 Rd8 28. c3 Nc4 29. b3 Nb2 30. Nf3 Nd1 31. c4 d5 32. Ne5+ Kg7 33. cxd5 cxd5 34. Nc5 Bc8 35. Rf4 Rf8 36. Ncd3 Nc3 37. Rxf8 Kxf8 38. Nc1 Bf5 39. g4 Be4 40. Nd7+ Kg7 41. Nc5 b6 42. Nxe4 Nxe4 43. Ne2 Kf6 44. h4 a5 45. Kg2 b5 46. g5+ Kg6 47. Ng3 Nxg3 48. Kxg3 b4 49. Kf3 1-0

[Event "SVK-chT3B2 1617"]
[Site "Slovakia"]
[Date "2017.01.15"]
[Round "6.5"]
[White "Genzor, Martin"]
[Black "Geschwandtner, Juraj"]
[Result "1/2-1/2"]
[WhiteElo "1650"]
[BlackElo "1846"]
[PlyCount "87"]
[EventDate "2016.10.16"]
[EventType "team-tourn"]
[EventRounds "11"]
[EventCountry "SVK"]
[SourceTitle "EXT 2018"]
[Source "ChessBase"]
[SourceDate "2017.10.13"]
[SourceVersion "1"]
[SourceVersionDate "2017.10.13"]
[SourceQuality "1"]
[WhiteTeam "Dubnica nad Vahom IV"]
[BlackTeam "Handlova"]
[WhiteTeamCountry "SVK"]
[BlackTeamCountry "SVK"]

1. e4 c6 2. d4 d5 3. Nc3 dxe4 4. Nxe4 Bf5 5. Ng3 Bg6 6. Nf3 Nd7 7. Be2 e6 8. 0-0 Bd6 9. Re1 Ngf6 10. Bd3 Bxd3 11. Qxd3 0-0 12. Ne4 Nxe4 13. Rxe4 Nf6 14. Rh4 Be7 15. Rh3 Qd5 16. Bg5 Qf5 17. Qb3 Rfe8 18. Re1 Bd6 19. c3 Rab8 20. Bh4 h6 21. Bg3 Bxg3 22. hxg3 Nd7 23. Ne5 Nxe5 24. Rxe5 Qb1+ 25. Kh2 Red8 26. g4 Rd5 27. Rhe3 Qc1 28. Kg3 g5 29. R3e4 Kg7 30. Qb4 Rxe5 31. dxe5 Qc2 32. Re3 Qd2 33. Rf3 Qd5 34. Qd6 Rd8 35. Qc7 Rd7 36. Qb8 Qxa2 37. Rf6 Qd5 38. Rxh6 Rd8 39. Qc7 Kxh6 40. Qxf7 Qxe5+ 41. Kh3 Rh8 42. g3 Qd5 43. Qf6+ Kh7 44. Qf7+ 1/2-1/2

[Event "SVK-chT3B2 1617"]
[Site "Slovakia"]
[Date "2016.11.27"]
[Round "4.4"]
[White "Hrebicik, David"]
[Black "Genzor, Martin"]
[Result "1-0"]
[WhiteElo "1770"]
[BlackElo "1650"]
[PlyCount "89"]
[EventDate "2016.10.16"]
[EventType "team-tourn"]
[EventRounds "11"]
[EventCountry "SVK"]
[SourceTitle "EXT 2018"]
[Source "ChessBase"]
[SourceDate "2017.10.13"]
[SourceVersion "1"]
[SourceVersionDate "2017.10.13"]
[SourceQuality "1"]
[WhiteTeam "Povazske Podhradie II"]
[BlackTeam "Dubnica nad Vahom IV"]
[WhiteTeamCountry "SVK"]
[BlackTeamCountry "SVK"]

1. d4 d5 2. c4 e6 3. Nc3 Nf6 4. Bg5 Be7 5. e3 0-0 6. cxd5 Nxd5 7. Bxe7 Qxe7 8. Bd3 b6 9. Nf3 Bb7 10. Rc1 Nb4 11. Bb1 c6 12. h4 Nd7 13. a3 Nd5 14. e4 Nxc3 15. Rxc3 c5 16. dxc5 Nxc5 17. e5 f5 18. b4 Ne4 19. Bxe4 Bxe4 20. Qc1 Qb7 21. Rh3 Rac8 22. Rg3 Rxc3 23. Qxc3 Rc8 24. Qd2 Qc6 25. Nd4 Qc4 26. Qg5 Qc1+ 27. Qxc1 Rxc1+ 28. Kd2 Rf1 29. Ke2 Rg1 30. Nxe6 Rxg2 31. Rxg2 Bxg2 32. f3 h6 33. Kf2 Kf7 34. Nd4 g5 35. Kxg2 gxh4 36. f4 Kg6 37. Kh3 Kh5 38. Nxf5 Kg6 39. Nxh4+ Kf7 40. f5 h5 41. Kg3 Ke7 42. Kf4 Kd7 43. b5 Ke7 44. f6+ Ke6 45. Kg5 1-0

[Event "SVK-chT3B2 1617"]
[Site "Slovakia"]
[Date "2016.11.13"]
[Round "3.5"]
[White "Rehak, Vladimir"]
[Black "Genzor, Martin"]
[Result "0-1"]
[WhiteElo "1626"]
[BlackElo "1650"]
[PlyCount "60"]
[EventDate "2016.10.16"]
[EventType "team-tourn"]
[EventRounds "11"]
[EventCountry "SVK"]
[SourceTitle "EXT 2018"]
[Source "ChessBase"]
[SourceDate "2017.10.13"]
[SourceVersion "1"]
[SourceVersionDate "2017.10.13"]
[SourceQuality "1"]
[WhiteTeam "Myjava Spartak"]
[BlackTeam "Dubnica nad Vahom IV"]
[WhiteTeamCountry "SVK"]
[BlackTeamCountry "SVK"]

1. c4 Nf6 2. Nc3 e6 3. e4 d5 4. e5 Nfd7 5. d4 c6 6. c5 Be7 7. Bd3 b6 8. b4 Bb7 9. Be3 Na6 10. a3 Nc7 11. Nge2 f6 12. f4 Ba6 13. Bxa6 Nxa6 14. 0-0 0-0 15. Ng3 Nc7 16. Qe2 b5 17. Rf3 Qe8 18. Nf1 Qh5 19. Ng3 Qg4 20. Nd1 a5 21. Nf2 Qg6 22. bxa5 Rxa5 23. Bd2 Ra4 24. Nf1 Rxd4 25. Rg3 Qf5 26. Ne3 Qxf4 27. Nd3 Qe4 28. Nf2 Qxe5 29. Nfg4 Rxg4 30. Rxg4 Qxa1+ 0-1

[Event "SVK-chT3B2 1516"]
[Site "Slovakia"]
[Date "2016.01.10"]
[Round "5.6"]
[White "Genzor, Martin"]
[Black "Flak, Lubomir"]
[Result "1/2-1/2"]
[WhiteElo "1643"]
[BlackElo "1688"]
[PlyCount "130"]
[EventDate "2015.10.11"]
[EventType "team-tourn"]
[EventRounds "11"]
[EventCountry "SVK"]
[SourceTitle "CBM 170 Extra"]
[Source "ChessBase"]
[SourceDate "2016.02.25"]
[SourceVersion "1"]
[SourceVersionDate "2016.02.25"]
[SourceQuality "1"]
[WhiteTeam "Dubnica nad Vahom IV"]
[BlackTeam "Handlova"]
[WhiteTeamCountry "SVK"]
[BlackTeamCountry "SVK"]

1. e4 c5 2. Nf3 d6 3. d4 cxd4 4. Nxd4 Nf6 5. Nc3 a6 6. Bd3 e6 7. 0-0 Be7 8. Re1 0-0 9. Nce2 Qc7 10. c4 Nbd7 11. Ng3 Ne5 12. Qb3 h6 13. h3 Bd7 14. Be3 Rac8 15. Rac1 Qb8 16. Qd1 Nxd3 17. Qxd3 Rfe8 18. Qd2 Kh7 19. Qd3 Kg8 20. Qd2 Bf8 21. Qe2 b5 22. cxb5 axb5 23. Rxc8 Rxc8 24. Rc1 Rxc1+ 25. Bxc1 Qc7 26. Bd2 Qc5 27. Be3 Qb4 28. a3 Qa4 29. Qc2 Qc4 30. b3 Qxc2 31. Nxc2 d5 32. exd5 Nxd5 33. b4 Bd6 34. Ne4 Be5 35. Bd4 Bxd4 36. Nxd4 e5 37. Nc2 Kf8 38. Kf1 Ke7 39. Ke2 Nf4+ 40. Kf3 Bc6 41. Ne3 Ne6 42. Nf5+ Kf8 43. Ke3 Nf4 44. Kf3 Nxg2 45. Nfd6 Ne1+ 46. Ke2 Nc2 47. Kd3 Nd4 48. f4 f6 49. fxe5 fxe5 50. Nc5 g5 51. Nce4 Bxe4+ 52. Kxe4 Ke7 53. Kxe5 Nf3+ 54. Kd5 h5 55. Nxb5 g4 56. hxg4 hxg4 57. Nd4 Nd2 58. Nf5+ Kd7 59. a4 Kc7 60. a5 Kb7 61. b5 Nb3 62. a6+ Kb6 63. Kc4 Nd2+ 64. Kd3 Nb3 65. Nd4 Nc5+ 1/2-1/2

[Event "SVK-chT3B2 1516"]
[Site "Slovakia"]
[Date "2015.11.29"]
[Round "3.6"]
[White "Genzor, Martin"]
[Black "Kosik, Peter"]
[Result "1-0"]
[WhiteElo "1643"]
[BlackElo "1315"]
[PlyCount "61"]
[EventDate "2015.10.11"]
[EventType "team-tourn"]
[EventRounds "11"]
[EventCountry "SVK"]
[SourceTitle "CBM 170 Extra"]
[Source "ChessBase"]
[SourceDate "2016.02.25"]
[SourceVersion "1"]
[SourceVersionDate "2016.02.25"]
[SourceQuality "1"]
[WhiteTeam "Dubnica nad Vahom IV"]
[BlackTeam "Chynorany"]
[WhiteTeamCountry "SVK"]
[BlackTeamCountry "SVK"]

1. e4 e5 2. Nf3 Nc6 3. d4 exd4 4. Nxd4 Nxd4 5. Qxd4 Qe7 6. Nc3 c6 7. Be3 Qb4 8. 0-0-0 Qxd4 9. Bxd4 Ne7 10. f4 d6 11. g3 c5 12. Be3 Nc6 13. Nd5 Rb8 14. Nc7+ Ke7 15. e5 dxe5 16. fxe5 f6 17. Bxc5+ Kf7 18. Bc4+ Kg6 19. Bxf8 Rxf8 20. e6 Ne7 21. g4 h5 22. Rhg1 hxg4 23. Rxg4+ Kh6 24. Rd3 g5 25. Rh3+ Kg7 26. Bd3 Rh8 27. Rxh8 Kxh8 28. h4 gxh4 29. Rxh4+ Kg7 30. Rh7+ Kf8 31. Rf7+ 1-0

[Event "SVK-chT3B2 1516"]
[Site "Slovakia"]
[Date "2015.11.15"]
[Round "2.5"]
[White "Genzor, Martin"]
[Black "Rehak, Vladimir"]
[Result "1-0"]
[WhiteElo "1643"]
[BlackElo "1398"]
[PlyCount "103"]
[EventDate "2015.10.11"]
[EventType "team-tourn"]
[EventRounds "11"]
[EventCountry "SVK"]
[SourceTitle "CBM 170 Extra"]
[Source "ChessBase"]
[SourceDate "2016.02.25"]
[SourceVersion "1"]
[SourceVersionDate "2016.02.25"]
[SourceQuality "1"]
[WhiteTeam "Dubnica nad Vahom IV"]
[BlackTeam "Myjava Spartak"]
[WhiteTeamCountry "SVK"]
[BlackTeamCountry "SVK"]

1. e4 c5 2. Nf3 Nc6 3. d4 cxd4 4. Nxd4 e5 5. Nb5 d6 6. a3 a6 7. N5c3 Be6 8. Nd5 Nge7 9. Nbc3 Ng6 10. Be3 Be7 11. Bb6 Qc8 12. Nc7+ Kf8 13. Nxa8 Qxa8 14. Qd2 h6 15. 0-0-0 Qc8 16. Nd5 Bxd5 17. exd5 Nb8 18. Kb1 Nd7 19. Ba5 Nc5 20. Qc3 Qb8 21. Bb4 Ne4 22. Qe3 f5 23. f3 Bg5 24. Qb6 Bd8 25. Qe3 Nf6 26. c4 Ne7 27. f4 Ng4 28. Qg3 e4 29. Be2 Nf6 30. Bc3 Nc8 31. Qg6 Ne7 32. Qg3 Nc8 33. Qh3 Ne7 34. g4 b5 35. g5 Nfg8 36. Rhg1 Rh7 37. Qf1 g6 38. h4 h5 39. cxb5 axb5 40. Rg3 Nc8 41. Bxb5 Rb7 42. a4 Na7 43. Qc4 Bb6 44. Bc6 Rc7 45. Bd4 Bxd4 46. Qxd4 Nxc6 47. dxc6 Rxc6 48. Rc3 Rb6 49. Rd2 Qb7 50. Rdc2 Ne7 51. Qh8+ Kf7 52. Rc7 1-0